| Tag |
First Indicator |
Second Indicator |
Subfields |
| LEADER |
00000cam a22000007a 4500 |
| 001 |
in00000034377 |
| 005 |
20151007060705.0 |
| 008 |
880602s1988 nyu 00011 eng d |
| 010 |
|
|
|a 88000352
|
| 020 |
|
|
|a 0374271542 :
|c $16.95
|
| 035 |
|
|
|a (OCoLC)18033283
|
| 035 |
|
|
|9 AAC1501AM
|
| 040 |
|
|
|a ONT
|c ONT
|d OWR
|d TXA
|d UtOrBLW
|
| 049 |
|
|
|a TXAM
|c [A11554514]
|
| 050 |
|
4 |
|a PS3557.O87
|b S82 1988
|
| 100 |
1 |
|
|a Gould, Lois.
|
| 245 |
1 |
0 |
|a Subject to change /
|c Lois Gould.
|
| 250 |
|
|
|a 1st ed.
|
| 264 |
|
1 |
|a New York :
|b Farrar, Straus & Giroux,
|c 1988.
|
| 300 |
|
|
|a 201 pages ;
|c 23 cm.
|
| 336 |
|
|
|a text
|b txt
|2 rdacontent
|
| 337 |
|
|
|a unmediated
|b n
|2 rdamedia
|
| 338 |
|
|
|a volume
|b nc
|2 rdacarrier
|
| 999 |
|
|
|a MARS
|
| 999 |
f |
f |
|s f1b092c4-a2a4-3bd5-b789-dd1b73c33098
|i 3fc700c0-8916-3a19-9756-c795c7116487
|t 0
|
| 952 |
f |
f |
|p ric
|a Texas A&M University
|b Rellis Campus
|c Joint Library Facility
|d Remote Storage
|t 0
|e PS3557.O87 S82 1988
|h Library of Congress classification
|i unmediated -- volume
|m A14811554514
|
| 998 |
f |
f |
|a PS3557.O87 S82 1988
|t 0
|l Remote Storage
|